Регионална библиотека "Любен Каравелов" - Русе

История на света (Запис номер 11564)

MARC детайли
000 -Лидер
Контролно поле с фиксирана дължина 02314nam a2200397 c 4500
003 - Код на организацията, давaща контролен номер
Контролно поле BLK
005 - Дата и час на последна редакция
Контролно поле 20210205112557.0
008 - Елементи от данни с фиксирана дължина
fixed length control field 180412b bul|||||r ||||||| ||bul||
010 ## - Наследен системен номер
LC control number KNG00013114000
020 ## - Международен стандартен номер на книга ISBN
Международен стандартен номер на книга ISBN 954-584-088-9
020 ## - Международен стандартен номер на книга ISBN
Международен стандартен номер на книга ISBN 954-584-165-6
040 ## - Източник на каталожния запис
Идентификатор на билиотеката - собственик на записа BLK
041 ## - Код за език
Код за езика на текст/звукозапис или на отделно заглавие Български
Код за езика КДБФ Български
080 ## - УДК
Текстов определител УДК Обща световна история. История на света
УДК код - определител по УДК 930.9
УДК - код + определител 930.9
080 ## - УДК
Текстов определител УДК История на цивилизацията. История на културата
УДК код - определител по УДК 930.85
УДК - код + определител 930.85
139 ## - Редно поле
Редна дума История на света
Авторски знак Истор - И 95
245 10 - Сведения за заглавието
Заглавие История на света
Подзаглавни данни В 20 т.
Редно поле (дума) авт. на том Стивън Дж. Хайслоп; прев. на том Сашка Тодорова Георгиева.
Том Т. 6
Заглавие на том Походът на исляма 600 г. сл. Хр. - 800 г. сл. Хр.
257 ## - Страна на издаване
Страна на създаване/издаване Великобритания
260 ## - Област на издателските данни
Име на издателя, разпространителя и проч. Тайм Лайф
Година на издаване 1994 -
Печатница За том: Белгия : Brepols
300 ## - Физическа характеристика
Размери/Мащаб 28 см
380 ## - Жанр
Жанр История
500 ## - Общи забележки
Забележка Ориг. загл. History of the World
504 ## - Забележка за наличие на библиография и др
Забележка за наличие на библиография и под. 172-173
650 #4 - Допълнително описание по предмет – тема
Основно описание – тема или топоним история
9 (RLIN) 157727
650 #4 - Допълнително описание по предмет – тема
Основно описание – тема или топоним Исторически паметници
9 (RLIN) 252410
650 #4 - Допълнително описание по предмет – тема
Основно описание – тема или топоним Цивилизации
9 (RLIN) 177255
653 ## - Ключова дума – ненормативна
Ключова дума история
700 1# - Други автори (авторска отговорност)
Лично име Хайслоп, Стивън Дж.
Автороска отговорност (Описва отношението между автора и произведението) авт. на том
9 (RLIN) 135806
700 1# - Други автори (авторска отговорност)
Лично име Георгиева, Сашка Тодорова
Автороска отговорност (Описва отношението между автора и произведението) прев. на том
9 (RLIN) 252412
760 1# - Описание на основната серия
Място на издаване, издател и година Абагар Холдинг, 1996
Страници - том 176 с. : с цв. ил.
Забележка - том Съдържа и Хронология на основните събития. - Библиогр. с. 172-173 ; Азб. показалец ; Показалец на ил. Съдържа : Търсенията на Пророка ; Променящото се лице на Европа ; Изграждане на империята на Изтока ; Страната на изгряващото слънце
Заглавие Т. 6 Походът на исляма 600 г. сл. Хр. - 800 г. сл. Хр.
852 ## - Местоположение
Форматна сигнатура Цб ІІ 8245
Фондова буква Хранилище
856 4# - Електронен адрес и достъп
Електронен формат pdf - файл
Път до файла /url/
856 4# - Електронен адрес и достъп
Електронен формат pdf - файл
Път до файла /url/
999 ## - СИСТЕМНИ КОНТРОЛНИ НОМЕРА
Koha biblionumber 11564
Koha biblioitemnumber 11564
942 ## - АРТИКУЛИ
Вид на библиотечния материал Книги
Скрит в OPAC Не
Периодичен библиозапис Да
944 ## - СЪЗДАВАНЕ И РЕДАКЦИЯ на ЗАПИСА
Създаване/Редакция Създаване
Дата на регистрацията/редакция 15.01.2003
Служител, извършил регистрацията/редакцията Геновева_Генчева
944 ## - СЪЗДАВАНЕ И РЕДАКЦИЯ на ЗАПИСА
Създаване/Редакция Редакция
Дата на регистрацията/редакция 17.06.2010
999 ## - СИСТЕМНИ КОНТРОЛНИ НОМЕРА
Koha biblioitemnumber 11564
Наличности
Код за отписване Код за изгубен артикул Източник на класификационната схема Код за повреда Коз за рестрикции Код за отдаване Артикулен № Име на библиотеката - собственик Име на библиотеката, в която се намира в момента Статус (Текущо местоположение) Дата на вписване в системата Местоположение - отдел Цена в лева Инвентарен номер Систематично азбучна сигнатура Баркод Номер на екземпляра Цена в евро Служебна бележка Служебен тип на артикула
  Не е изгубен Universal Decimal Classification Не е повреден без рестрикции заемане за дома 20090 Регионална библиотека "Любен Каравелов" Русе Регионална библиотека "Любен Каравелов" Русе Детски отдел 1996-01-01 Детски отдел 9.00 621535 ДН 93/99/И 95 120000621535 1 4.60 Дост: Pk Вид: Ф N: стар фонд Дата: 01.01.1996 Дата инв: 21.08.2015 Бележки инв: Д2015 Книги
  Не е изгубен Universal Decimal Classification Не е повреден без рестрикции ползва се в читалня 20091 Регионална библиотека "Любен Каравелов" Русе Регионална библиотека "Любен Каравелов" Русе Читалня 1996-01-01 Читалня 9.00 621536 Ч 930/И 95 120000621536 2 4.60 Дост: Pk Вид: Ф N: стар фонд Дата: 01.01.1996 Дата инв: 28.03.2017 Бележки инв: Ч2017 Книги
  Не е изгубен Universal Decimal Classification Не е повреден само за читалня ползва се в читалня 20092 Регионална библиотека "Любен Каравелов" Русе Регионална библиотека "Любен Каравелов" Русе Хранилище 1996-01-01 Основен фонд - ползва се само за читалня 0.03 650014 Цб ІІ 8245 120000650014 3 0.02 Дост: Pk Вид: Ф N: стар фонд Дата: 01.01.1996 Книги
Vip Innovations Ltd, Rousse, Bulgaria 2025